[Event "Nis Medijana op"]
[Site "Nis"]
[Date "2012.04.27"]
[Round "1"]
[White "Lukic, Igor V"]
[Black "Djordjevic, Lazar"]
[Result "1-0"]
[WhiteElo "2114"]
[BlackElo "1612"]
[PlyCount "65"]
[EventDate "2012.04.27"]
[EventType "swiss"]
[EventRounds "5"]
[EventCountry "SRB"]
[SourceTitle "EXT 2013"]
[Source "ChessBase"]
[SourceDate "2012.11.22"]
[SourceVersion "1"]
[SourceVersionDate "2012.11.22"]
[SourceQuality "1"]

1. d4 Nf6 2. Nc3 d5 3. Bf4 c6 4. f3 Bf5 5. Qd2 Nbd7 6. g4 Bg6 7. h4 h6 8. e3 e6 9. Bd3 Bxd3 10. cxd3 c5 11. Nb5 Rc8 12. Nxa7 Ra8 13. Nb5 Rc8 14. Rc1 Qb6 15. a4 Rc6 16. Ne2 cxd4 17. exd4 Be7 18. Nc7+ Kf8 19. Nb5 Ne8 20. Kf2 h5 21. g5 g6 22. Rc3 Nd6 23. Nxd6 Bxd6 24. Bxd6+ Rxd6 25. Rhc1 e5 26. a5 Qa7 27. Rc8+ Kg7 28. Rxh8 Kxh8 29. Rc8+ Kg7 30. Qc3 e4 31. Qc7 e3+ 32. Kg2 Qa6 33. Qd8 1-0

[Event "Nis op"]
[Site "Nis"]
[Date "2012.03.13"]
[Round "3"]
[White "Lukic, Igor V"]
[Black "Rancic, Danijela"]
[Result "1-0"]
[WhiteElo "2114"]
[BlackElo "1870"]
[PlyCount "73"]
[EventDate "2012.03.11"]
[EventType "swiss"]
[EventRounds "9"]
[EventCountry "SRB"]
[SourceTitle "CBM 147 Extra"]
[Source "ChessBase"]
[SourceDate "2012.04.24"]
[SourceVersion "1"]
[SourceVersionDate "2012.04.24"]
[SourceQuality "1"]

1. d4 Nc6 2. Nc3 e5 3. d5 Nce7 4. e4 Ng6 5. Be3 Nf6 6. f3 Bb4 7. Qd2 Qe7 8. Nge2 Bc5 9. Nc1 Bxe3 10. Qxe3 b6 11. Nd3 Bb7 12. Be2 c6 13. dxc6 dxc6 14. 0-0-0 0-0-0 15. g4 h6 16. h4 Qc7 17. b3 Rd4 18. Kb2 Rhd8 19. g5 hxg5 20. Qxg5 Ba6 21. h5 Bxd3 22. hxg6 Bxe2 23. Rxd4 Rxd4 24. Nxe2 Rd7 25. Ng3 fxg6 26. Qxg6 Kb7 27. Nf5 c5 28. Ne3 b5 29. Qg1 Qd6 30. Nf5 Qc7 31. Qe1 a5 32. Rg1 Ne8 33. Rg6 Nd6 34. Nxd6+ Rxd6 35. Rxd6 Qxd6 36. Qxa5 Qc6 37. Qd8 1-0

[Event "Nis Svetosavski op"]
[Site "Nis"]
[Date "2012.02.26"]
[Round "5"]
[White "Lukic, Igor V"]
[Black "Ostojic, Nikola M"]
[Result "1-0"]
[WhiteElo "2114"]
[BlackElo "2081"]
[PlyCount "39"]
[EventDate "2012.02.24"]
[EventType "swiss"]
[EventRounds "5"]
[EventCountry "SRB"]
[SourceTitle "CBM 147 Extra"]
[Source "ChessBase"]
[SourceDate "2012.04.24"]
[SourceVersion "1"]
[SourceVersionDate "2012.04.24"]
[SourceQuality "1"]

1. d4 Nf6 2. Nf3 d5 3. c4 c6 4. Nc3 e6 5. Bg5 Nbd7 6. cxd5 cxd5 7. e3 a6 8. Bd3 Bd6 9. 0-0 b5 10. e4 dxe4 11. Bxe4 Rb8 12. d5 exd5 13. Bxd5 Be7 14. Bf4 Rb6 15. Nd4 Bb7 16. Bxb7 Rxb7 17. Nc6 Qb6 18. Qf3 Bc5 19. Rae1+ Kf8 20. b4 1-0

[Event "Nis op"]
[Site "Nis"]
[Date "2011.05.31"]
[Round "7"]
[White "Stojiljkovic, Stefan Z"]
[Black "Lukic, Igor V"]
[Result "1/2-1/2"]
[WhiteElo "1917"]
[BlackElo "2136"]
[PlyCount "47"]
[EventDate "2011.05.24"]
[EventType "swiss"]
[EventRounds "9"]
[EventCountry "SRB"]
[SourceTitle "CBM 142 Extra"]
[Source "ChessBase"]
[SourceDate "2011.06.27"]
[SourceVersion "1"]
[SourceVersionDate "2011.06.27"]
[SourceQuality "1"]

1. e4 d6 2. d4 g6 3. Nc3 Bg7 4. Be3 e5 5. d5 Ne7 6. Qd2 f5 7. f3 fxe4 8. fxe4 Nd7 9. Be2 Nf6 10. h3 c5 11. Bb5+ Bd7 12. Bxd7+ Qxd7 13. a4 h6 14. Nf3 g5 15. g4 Ng6 16. Ne2 Nf4 17. Ng3 Bf8 18. c3 Nxg4 19. hxg4 Qxg4 20. Kf2 Nh3+ 21. Kg2 Nf4+ 22. Kf2 Nh3+ 23. Kg2 Nf4+ 24. Kf2 1/2-1/2

[Event "Nis op"]
[Site "Nis"]
[Date "2011.05.30"]
[Round "6"]
[White "Lukic, Igor V"]
[Black "Mladenovic, Stefan"]
[Result "0-1"]
[WhiteElo "2136"]
[BlackElo "2124"]
[PlyCount "72"]
[EventDate "2011.05.24"]
[EventType "swiss"]
[EventRounds "9"]
[EventCountry "SRB"]
[SourceTitle "CBM 142 Extra"]
[Source "ChessBase"]
[SourceDate "2011.06.27"]
[SourceVersion "1"]
[SourceVersionDate "2011.06.27"]
[SourceQuality "1"]

1. d4 Nf6 2. c4 e6 3. Nc3 Bb4 4. Nf3 b6 5. Qb3 c5 6. Bg5 h6 7. Bh4 Bb7 8. e3 Na6 9. a3 cxd4 10. exd4 Be7 11. Be2 0-0 12. 0-0 Nc7 13. Rac1 Ne4 14. Bxe7 Qxe7 15. Nxe4 Bxe4 16. Qe3 f5 17. Nd2 Bb7 18. Bf3 Bxf3 19. Nxf3 d6 20. Rfe1 Rf6 21. b4 g5 22. Qb3 g4 23. Nd2 Qd7 24. d5 exd5 25. cxd5 Qf7 26. Red1 Re8 27. Nf1 f4 28. Qc3 Re7 29. Qc4 Rf5 30. Rd4 Nxd5 31. Rcd1 Ree5 32. g3 h5 33. gxf4 Nxf4 34. Rxf4 Rxf4 35. Qxf7+ Kxf7 36. Rxd6 Re2 0-1

[Event "SRB-chT2 East"]
[Site "Pozarevac"]
[Date "2009.10.08"]
[Round "6.3"]
[White "Lukic, Igor V"]
[Black "Mickovic, Slavisa"]
[Result "1-0"]
[WhiteElo "2150"]
[BlackElo "2101"]
[PlyCount "81"]
[EventDate "2009.09.06"]
[EventType "team"]
[EventRounds "11"]
[EventCountry "SRB"]
[SourceTitle "EXT 2012"]
[Source "ChessBase"]
[SourceDate "2011.11.24"]
[SourceVersion "1"]
[SourceVersionDate "2011.11.24"]
[SourceQuality "1"]

1. d4 d5 2. Nf3 Nf6 3. e3 Bf5 4. c4 c6 5. Nc3 e6 6. Be2 h6 7. 0-0 Nbd7 8. b3 Be7 9. Bb2 0-0 10. Rc1 a6 11. Qd2 b5 12. cxd5 cxd5 13. Ne5 Nxe5 14. dxe5 Nd7 15. Rfd1 Nb6 16. Bd3 Bxd3 17. Qxd3 Qb8 18. Ne2 Qb7 19. f4 g6 20. Nd4 Kh7 21. f5 exf5 22. Nxf5 Qd7 23. Nxe7 Qxe7 24. Rc6 Qb7 25. Rd6 Rfe8 26. Rf1 Re6 27. Rxe6 fxe6 28. Rf6 Rg8 29. Rxe6 Nc8 30. Rf6 Rg7 31. e6 Nd6 32. Rf8 Qe7 33. Rf3 Qxe6 34. Qc3 Ne8 35. Rf8 Qg4 36. Rxe8 Qd1+ 37. Kf2 Rf7+ 38. Kg3 g5 39. Rh8+ Kg6 40. h3 Rf3+ 41. Kh2 1-0

[Event "Nis op"]
[Site "Nis"]
[Date "2009.03.27"]
[Round "3"]
[White "Zivic, Dragan"]
[Black "Lukic, Igor V"]
[Result "1-0"]
[WhiteElo "2284"]
[BlackElo "2146"]
[PlyCount "81"]
[EventDate "2009.03.25"]
[EventType "swiss"]
[EventRounds "9"]
[EventCountry "YUG"]
[SourceTitle "CBM 129 Extra"]
[Source "ChessBase"]
[SourceDate "2009.05.05"]
[SourceVersion "2"]
[SourceVersionDate "2009.05.20"]
[SourceQuality "1"]

1. e4 c5 2. Nf3 d6 3. c3 Nc6 4. d4 cxd4 5. cxd4 Nf6 6. Nc3 g6 7. Bg5 Bg7 8. e5 dxe5 9. d5 Nb8 10. Nxe5 0-0 11. Nc4 Nbd7 12. Be2 Nb6 13. Ne3 Qd6 14. 0-0 Bd7 15. Bh4 Qb4 16. Bxf6 Bxf6 17. Qb3 Qxb3 18. axb3 Rfc8 19. Rfc1 Bd4 20. Bf3 Rc7 21. Ned1 a5 22. Rc2 a4 23. bxa4 Rxa4 24. Nxa4 Rxc2 25. Nac3 Nc4 26. Ne2 Bxb2 27. Ra2 Rd2 28. Nxb2 Nxb2 29. h3 Nc4 30. Ra8+ Kg7 31. Rd8 Ne5 32. Nc3 Nxf3+ 33. gxf3 Bxh3 34. Ne4 Rd1+ 35. Kh2 Be6 36. d6 exd6 37. Nxd6 Bd5 38. Kg3 Rb1 39. Ne8+ Kf8 40. Nc7+ Ke7 41. Rxd5 1-0

[Event "Belgrade Ada op"]
[Site "Belgrade"]
[Date "2005.08.19"]
[Round "5"]
[White "Lukic, Igor V"]
[Black "Dimitrijevic, Radmilo"]
[Result "1/2-1/2"]
[WhiteElo "2088"]
[BlackElo "1925"]
[PlyCount "65"]
[EventDate "2005.08.15"]
[EventType "swiss"]
[EventRounds "9"]
[EventCountry "YUG"]
[SourceTitle "CBM 107 Extra"]
[Source "ChessBase"]
[SourceDate "2005.09.01"]
[SourceVersion "1"]
[SourceVersionDate "2005.09.01"]
[SourceQuality "1"]

1. e4 e5 2. Nf3 Nc6 3. Bb5 a6 4. Ba4 Nf6 5. 0-0 b5 6. Bb3 Be7 7. Re1 0-0 8. a4 Bb7 9. d3 h6 10. Nbd2 Bc5 11. h3 Kh8 12. Nf1 d5 13. exd5 Nxd5 14. Ng3 Nf4 15. Ne4 Bb6 16. Be3 f5 17. Nc5 Bxc5 18. Bxc5 Rf6 19. Be3 Nd4 20. Bxd4 exd4 21. Kh2 Qd6 22. g3 Ng6 23. axb5 f4 24. g4 a5 25. Ra4 Qc5 26. Qe2 Rb8 27. Ne5 Nh4 28. Nd7 Qxb5 29. Nxf6 Nf3+ 30. Kg2 Nd2+ 31. Kg1 Nf3+ 32. Kg2 Nd2+ 33. Kg1 1/2-1/2

[Event "Nis op"]
[Site "Nis"]
[Date "2004.05.29"]
[Round "2"]
[White "Lukic, Igor V"]
[Black "Markovic, Marko"]
[Result "0-1"]
[WhiteElo "2107"]
[BlackElo "2210"]
[PlyCount "62"]
[EventDate "2004.05.28"]
[EventType "swiss"]
[EventRounds "9"]
[EventCountry "YUG"]
[SourceTitle "EXT 2005"]
[Source "ChessBase"]
[SourceDate "2004.11.15"]
[SourceVersion "1"]
[SourceVersionDate "2004.11.15"]
[SourceQuality "1"]

1. e4 Nc6 2. d4 e5 3. d5 Nce7 4. Nf3 Ng6 5. Nc3 Bb4 6. a3 Bxc3+ 7. bxc3 Nf6 8. Bd3 d6 9. h3 0-0 10. Be3 Nxe4 11. Bxe4 f5 12. Bd3 e4 13. Bxe4 fxe4 14. Nd2 Nh4 15. Rg1 Nf5 16. Qe2 Qe7 17. g4 Nxe3 18. Qxe3 Bd7 19. Nxe4 Rae8 20. f3 Qh4+ 21. Kd2 Qxh3 22. Raf1 Qh2+ 23. Kc1 Qe5 24. Qd3 a6 25. Rh1 g6 26. Re1 Qf4+ 27. Nd2 Re5 28. Rxe5 Qxe5 29. Kb1 Re8 30. c4 Qf4 31. Nf1 Re1+ 0-1

[Event "SLO-ch"]
[Site "Dobrna"]
[Date "2002.08.03"]
[Round "1"]
[White "Tavcar, Rado"]
[Black "Lukic, Igor V"]
[Result "1-0"]
[WhiteElo "2114"]
[BlackElo "2030"]
[PlyCount "29"]
[EventDate "2002.08.03"]
[EventType "k.o."]
[EventRounds "7"]
[EventCountry "SLO"]
[SourceTitle "CBM 089 Extra"]
[Source "ChessBase"]
[SourceDate "2002.09.10"]
[SourceVersion "2"]
[SourceVersionDate "2002.09.10"]
[SourceQuality "1"]

1. e4 e5 2. Nf3 d6 3. d4 exd4 4. Nxd4 g6 5. Nc3 Bg7 6. Be3 Ne7 7. Qd2 0-0 8. f3 Nbc6 9. 0-0-0 Be6 10. h4 f5 11. Nxe6 Qd7 12. Nxg7 Kxg7 13. Bh6+ Kh8 14. Bxf8 Rxf8 15. h5 1-0